[Event "Uppsala Young Champions 9th"]
[Site "Uppsala"]
[Date "2022.11.01"]
[Round "7"]
[White "Grahn, Vidar"]
[Black "Buchert, Matthaus"]
[Result "1-0"]
[WhiteElo "2067"]
[BlackElo "1415"]
[PlyCount "49"]
[EventDate "2022.10.28"]
[EventType "swiss"]
[EventRounds "9"]
[EventCountry "SWE"]
[SourceTitle "EXT 2024"]
[Source "ChessBase"]
[SourceDate "2023.10.10"]
[SourceVersion "1"]
[SourceVersionDate "2023.10.10"]
[SourceQuality "1"]

1. e4 c5 2. c3 Nf6 3. e5 Nd5 4. d4 cxd4 5. Nf3 Nc6 6. cxd4 d6 7. Bc4 Nb6 8. Bb3 dxe5 9. d5 Na5 10. Nc3 Nxb3 11. Qxb3 f6 12. Be3 Bd7 13. 0-0 g6 14. Rac1 Bg7 15. a4 Nc8 16. Ne4 0-0 17. d6+ Kh8 18. dxe7 Qxe7 19. Bc5 Qf7 20. Qxb7 Nb6 21. Bxf8 Rxf8 22. Rc7 Be6 23. Rxf7 Rb8 24. Qxb8+ Bf8 25. Qxf8# 1-0

[Event "Uppsala Young Champions 8th"]
[Site "Uppsala"]
[Date "2021.11.02"]
[Round "7"]
[White "Buchert, Matthaus"]
[Black "Ostensson, Julia"]
[Result "1/2-1/2"]
[WhiteElo "1408"]
[BlackElo "1687"]
[PlyCount "108"]
[EventDate "2021.10.29"]
[EventType "swiss"]
[EventRounds "9"]
[EventCountry "SWE"]
[SourceTitle "CBM 205 Extra"]
[Source "ChessBase"]
[SourceDate "2022.01.31"]
[SourceVersion "1"]
[SourceVersionDate "2022.01.31"]
[SourceQuality "1"]

1. e4 c5 2. Nc3 Nc6 3. Bb5 Nd4 4. Nf3 e6 5. 0-0 a6 6. Bd3 Nc6 7. b3 g6 8. Bb2 Bg7 9. Re1 d6 10. Qe2 Nge7 11. Nd1 e5 12. a4 0-0 13. Bc4 h6 14. d3 g5 15. h3 Ng6 16. Ne3 Nf4 17. Qf1 Qf6 18. g4 h5 19. Nh2 Ne7 20. f3 Kh7 21. Bc1 Rh8 22. Nd5 Nexd5 23. Bxd5 Kg8 24. Bxf4 Qxf4 25. Qg2 Bf6 26. Nf1 Bd8 27. Qg3 Qf6 28. Ne3 Ba5 29. Re2 Bc3 30. Rd1 Bd4 31. Kg2 Bxe3 32. Rxe3 Rb8 33. Ra1 b6 34. Re2 Be6 35. c4 Bxd5 36. cxd5 h4 37. Qf2 Qf4 38. Rb2 Kg7 39. Rab1 b5 40. a5 Rhc8 41. Kg1 Rb7 42. Kg2 Rbc7 43. Rc2 c4 44. dxc4 bxc4 45. Rbc1 c3 46. Kg1 Qd2 47. Kg2 Qxf2+ 48. Kxf2 Rc5 49. b4 Rc4 50. Ke3 Kf8 51. Kd3 Rd4+ 52. Ke3 Rdc4 53. Kd3 Rd4+ 54. Ke3 Rdc4 1/2-1/2

[Event "Uppsala Young Champions 8th"]
[Site "Uppsala"]
[Date "2021.10.30"]
[Round "2"]
[White "Westrum, Kim Roger Hansen"]
[Black "Buchert, Matthaus"]
[Result "1-0"]
[WhiteElo "1945"]
[BlackElo "1408"]
[PlyCount "59"]
[EventDate "2021.10.29"]
[EventType "swiss"]
[EventRounds "9"]
[EventCountry "SWE"]
[SourceTitle "CBM 205 Extra"]
[Source "ChessBase"]
[SourceDate "2022.01.31"]
[SourceVersion "1"]
[SourceVersionDate "2022.01.31"]
[SourceQuality "1"]

1. e4 c5 2. Nf3 Nc6 3. Bb5 g6 4. 0-0 Bg7 5. c3 Nf6 6. Re1 0-0 7. d4 cxd4 8. cxd4 d5 9. e5 Ne4 10. Be3 Qb6 11. Bxc6 bxc6 12. Qc1 e6 13. Nfd2 Nxd2 14. Qxd2 a5 15. Nc3 a4 16. h4 Rd8 17. Bg5 Rd7 18. Bf6 c5 19. dxc5 Qxc5 20. Rac1 Qa5 21. Qf4 Bxf6 22. exf6 Qd8 23. Nxa4 Rb7 24. Rc2 d4 25. Nc5 Rb5 26. Rd1 Qf8 27. Rxd4 Raa5 28. b4 Ra7 29. Rcd2 Qd8 30. Rxd8# 1-0

[Event "Uppsala Young Champions 7th"]
[Site "Uppsala"]
[Date "2020.10.28"]
[Round "9"]
[White "Buchert, Matthaus"]
[Black "Muntean, Victor"]
[Result "1-0"]
[WhiteElo "1427"]
[BlackElo "1968"]
[PlyCount "69"]
[EventDate "2020.10.23"]
[EventType "swiss"]
[EventRounds "9"]
[EventCountry "SWE"]
[SourceTitle "CBM 199 Extra"]
[Source "ChessBase"]
[SourceDate "2021.01.31"]
[SourceVersion "1"]
[SourceVersionDate "2021.01.31"]
[SourceQuality "1"]

1. e4 e5 2. Nf3 Nc6 3. Bc4 Nf6 4. Ng5 d5 5. exd5 Na5 6. Bb5+ c6 7. dxc6 bxc6 8. Bd3 Nd5 9. Nf3 Bd6 10. 0-0 0-0 11. Re1 Nf4 12. Bf1 f5 13. Nxe5 Bxe5 14. Rxe5 Ng6 15. Re1 f4 16. d4 Qg5 17. Nd2 Bg4 18. Nf3 Qd5 19. Qd3 Kh8 20. Ne5 Bf5 21. Qc3 Rae8 22. Nxg6+ Bxg6 23. Rxe8 Bxe8 24. Bd2 Nb7 25. Qb4 Nd6 26. Re1 Bg6 27. Re5 Qf7 28. Qxd6 f3 29. Re7 Qxa2 30. Rxa7 Qg8 31. Qxc6 fxg2 32. Bc4 Be4 33. Bxg8 Bxc6 34. d5 Bb5 35. Be6 1-0